000 01381nam a2200253 a 4500
001 21586
003 CO-ViMGA
008 141112s2004 ck r 000 u spa d
020 _a9587070380
040 _aCO-ViMGA
_bspa
_cCO-ViMGA
082 0 4 _a345 T621d
100 1 _aTocora, Luis Fernando
_930826
245 1 0 _aDerecho Penal Especial :
_bDelitos Contra la Vida y la Integridad Personal, el Patrimonio Económico, Delitos Sexuales /
_cLuis Fernando Tocora
250 _a10a
260 _aBogotá :
_bediciones del profesional,
_c2004
300 _a440 P. 23 cm
505 _aDelitos contra la vida y la integridad personal El homicidio, El genocidio, El aborto 6 - - Delitos contra el patrimonio económico El hurto, La extorción, La estafa, Abuso de confianza 193 - - Delitos contra la libertad, integridad y formación sexuales La violación, Actos sexuales abusivos, El proxenetismo, 281 - - El delito preterintencional 319 - - La reparación en delitos contra el patrimonio económico 411
590 _aForma de adquisición : Donación fact. 8822 - - Precio : 60000 - - Proveedor : Fundación exito - - Fecha de adquisición : Junio 2007
650 1 4 _aDELITOS CONTRA LA PERSONA - COLOMBIA
_930827
650 1 4 _aDELITOS CONTRA LA PROPIEDAD - COLOMBIA
_930828
650 1 4 _aDELITOS SOCIALES - COLOMBIA
_930829
650 1 4 _aDERECHO PENAL - COLOMBIA
942 _2ddc
_cBK
999 _c30162
_d30162